[Event "Montcalm VII 2005-06"]
[Site "Quebec CAN"]
[Date "2006.05.03"]
[Round "2"]
[White "Bender, Karl"]
[Black "Cournoyer, Dominic"]
[Result "0-1"]
[WhiteElo "1620"]
[BlackElo "1762"]
[PlyCount "112"]
[EventDate "2006.04.27"]
[EventType "swiss"]
[EventRounds "5"]
[EventCountry "CAN"]

1. d4 f5 2. g3 Nf6 3. c4 e6 4. Bg5 Be7 5. Bxf6 Bxf6 6. Nc3 O-O 7. e3 d6 8. Bg2
Nd7 9. Nge2 c6 10. O-O g5 11. d5 cxd5 12. cxd5 e5 13. e4 f4 14. Rc1 Be7 15. f3
Nc5 16. Na4 Nxa4 17. Qxa4 Qb6+ 18. Kh1 Qxb2 19. Rc2 Qb6 20. Rfc1 Qd8 21. Rc7
Qe8 22. Qb3 Qd8 23. R1c3 b6 24. Nc1 Bd7 25. Nd3 g4 26. Nxe5 dxe5 27. d6+ Kh8
28. dxe7 Qxe7 29. fxg4 fxg3 30. Rxg3 Qd6 31. Rc1 Be6 32. Qb2 Rf4 33. h3 Raf8
34. Rgc3 Qd4 35. R3c2 Rf2 36. Qxd4 exd4 37. Kg1 R2f7 38. Rd2 Rd7 39. a3 Bb3 40.
Rb1 Bc4 41. Rb4 b5 42. Rbb2 Kg7 43. Rf2 Rdf7 44. Rf5 Re8 45. Rbf2 Rxf5 46. gxf5
Kf6 47. Rd2 Ke5 48. Kf2 a5 49. Kf3 b4 50. axb4 axb4 51. h4 b3 52. h5 Ra8 53.
Rd1 b2 54. Rb1 Rb8 55. Kg4 h6 56. f6 Ba2 0-1

[Event "Montcalm VII 2005-06"]
[Site "Quebec CAN"]
[Date "2006.05.04"]
[Round "2"]
[White "Bourassa, Andre"]
[Black "Dion, Jean-Francois"]
[Result "1/2-1/2"]
[WhiteElo "1718"]
[BlackElo "1880"]
[PlyCount "33"]
[EventDate "2006.04.27"]
[EventType "swiss"]
[EventRounds "5"]
[EventCountry "CAN"]

1. d4 Nf6 2. c4 g6 3. Nc3 Bg7 4. e4 d6 5. Bd3 O-O 6. Nge2 e5 7. d5 Nbd7 8. O-O
Ne8 9. Ng3 Nc5 10. Bc2 a5 11. Be3 b6 12. Qd2 f5 13. f4 exf4 14. Bxf4 fxe4 15.
Ngxe4 Nxe4 16. Bxe4 Bf5 17. Bxf5 1/2-1/2

[Event "Montcalm VII 2005-06"]
[Site "Quebec CAN"]
[Date "2006.05.03"]
[Round "2"]
[White "Cummins, Paul"]
[Black "Guay, Etienne"]
[Result "0-1"]
[WhiteElo "1786"]
[BlackElo "1663"]
[PlyCount "110"]
[EventDate "2006.04.27"]
[EventType "swiss"]
[EventRounds "5"]
[EventCountry "CAN"]

1. d4 Nf6 2. e3 e6 3. Bd3 d5 4. f4 c5 5. c3 Nc6 6. Nf3 Bd6 7. Nbd2 O-O 8. Ne5
Nd7 9. Qh5 f5 10. Ndf3 Nf6 11. Qh3 Ne4 12. Bd2 Bxe5 13. fxe5 c4 14. Bxe4 fxe4
15. Ng1 b5 16. Ne2 a5 17. Nf4 Qe7 18. O-O b4 19. Qg4 Rf5 20. Nh3 Bd7 21. Rxf5
exf5 22. Qg3 Be6 23. Nf4 Bf7 24. h4 g6 25. Nh5 Kh8 26. Nf6 b3 27. axb3 cxb3 28.
Qe1 a4 29. Ra3 Nb8 30. Qa1 Qa7 31. Qd1 Nd7 32. Be1 Nb6 33. Ra1 Nc4 34. Rb1 Nxe3
35. Qe2 Nc4 36. Bg3 a3 37. bxa3 Qxa3 38. Kh2 b2 39. e6 Bxe6 40. Be5 Nxe5 41.
Rxb2 Qxc3 42. Rb7 Ng4+ 43. Qxg4 Bg8 44. Qf4 Qxd4 45. Nd7 Ra1 46. Ne5 Qg1+ 47.
Kg3 Qe1+ 48. Kh2 Qg1+ 49. Kh3 Ra3+ 50. Nf3 Qd4 51. Rb8 Qf6 52. Rb6 Qg7 53. Kh2
exf3 54. gxf3 Ra7 55. Rb4 Qc7 0-1

[Event "Montcalm VII 2005-06"]
[Site "Quebec CAN"]
[Date "2006.05.03"]
[Round "2"]
[White "Hebert, Marc"]
[Black "Lapierre, Gaetan"]
[Result "1/2-1/2"]
[WhiteElo "1678"]
[BlackElo "1800"]
[PlyCount "150"]
[EventDate "2006.04.27"]
[EventType "swiss"]
[EventRounds "5"]
[EventCountry "CAN"]

1. d4 Nf6 2. Nf3 g6 3. Nbd2 Bg7 4. e4 d6 5. Bd3 O-O 6. c3 c5 7. dxc5 dxc5 8.
Qc2 Nc6 9. O-O Qc7 10. Re1 e5 11. Bc4 h6 12. Nf1 Na5 13. Be2 Be6 14. Ng3 c4 15.
Bd2 Rfe8 16. Rad1 Bd7 17. Be3 Ng4 18. Bf1 Nxe3 19. Rxe3 Be6 20. Nd2 h5 21. Ree1
Rac8 22. h3 h4 23. Ne2 Qc6 24. Nf3 Bf6 25. Nc1 b5 26. g4 hxg3 27. fxg3 Kg7 28.
Bg2 Be7 29. Kh2 f6 30. Nh4 Rh8 31. Qf2 Qc5 32. Qf1 Rcd8 33. Rxd8 Rxd8 34. Qe2
b4 35. g4 bxc3 36. bxc3 f5 37. Nxg6 fxg4 38. Nxe7 Qxe7 39. hxg4 Qh4+ 40. Kg1
Bxg4 41. Qe3 Rd7 42. Rf1 Nc6 43. Qc5 Rd2 44. Qf8+ Kg6 45. Qg8+ Kh5 46. Qh7+ Kg5
47. Qg7+ Kh5 48. Qf7+ Kg5 49. Qf6+ Kh5 50. Qxc6 Rxg2+ 51. Kxg2 Bh3+ 52. Kf3
Qf4+ 53. Ke2 Bxf1+ 54. Kd1 Qf3+ 55. Ke1 Qxc3+ 56. Kxf1 Qxc1+ 57. Kg2 Qg5+ 58.
Kf2 Qf4+ 59. Ke2 Qh2+ 60. Kf3 Qh1+ 61. Kg3 Qe1+ 62. Kf3 Qd1+ 63. Kf2 Qd2+ 64.
Kf3 Qd3+ 65. Kf2 c3 66. Qe8+ Kh6 67. Qe6+ Kh7 68. Qf7+ Kh8 69. Qf8+ Kh7 70.
Qf7+ Kh6 71. Qf6+ Kh5 72. Qxe5+ Kg6 73. Qe6+ Kg7 74. Qe7+ Kg6 75. Qe6+ Kg7
1/2-1/2

[Event "Montcalm VII 2005-06"]
[Site "Quebec CAN"]
[Date "2006.05.10"]
[Round "3"]
[White "Cournoyer, Dominic"]
[Black "Guay, Etienne"]
[Result "1-0"]
[WhiteElo "1762"]
[BlackElo "1663"]
[PlyCount "59"]
[EventDate "2006.04.27"]
[EventType "swiss"]
[EventRounds "5"]
[EventCountry "CAN"]

1. Nf3 Nf6 2. c4 e6 3. Nc3 d5 4. e3 Be7 5. Be2 O-O 6. O-O b6 7. b3 Bb7 8. Bb2
Nbd7 9. Rc1 c5 10. d4 Ne4 11. Nd2 f5 12. f3 Nd6 13. cxd5 exd5 14. dxc5 bxc5 15.
Ndb1 Nb6 16. Nb5 Nxb5 17. Bxb5 Rc8 18. Bd3 Bg5 19. f4 Bf6 20. Ba3 Be7 21. Bb2
c4 22. Be2 Bf6 23. Bd4 Qd6 24. Nc3 Bxd4 25. Qxd4 Qc5 26. Qxc5 Rxc5 27. bxc4
dxc4 28. Rfd1 Nd5 29. Nxd5 Bxd5 30. Rxd5 1-0

[Event "Montcalm VII 2005-06"]
[Site "Quebec CAN"]
[Date "2006.05.10"]
[Round "3"]
[White "Dion, Jean-Francois"]
[Black "Hebert, Marc"]
[Result "1-0"]
[WhiteElo "1880"]
[BlackElo "1678"]
[PlyCount "57"]
[EventDate "2006.04.27"]
[EventType "swiss"]
[EventRounds "5"]
[EventCountry "CAN"]

1. f4 d5 2. Nf3 Nf6 3. e3 Bg4 4. h3 Bxf3 5. Qxf3 Nbd7 6. Nc3 c6 7. d4 e6 8. Bd3
Bb4 9. O-O c5 10. a3 Ba5 11. Nb5 O-O 12. c4 a6 13. Nc3 dxc4 14. Bxc4 b5 15. Bd3
Rc8 16. Ne4 Nxe4 17. Bxe4 Nf6 18. Bb7 Rb8 19. dxc5 Qc7 20. c6 Bb6 21. Bxa6 Nd5
22. Bb7 Rbd8 23. Kh1 e5 24. e4 Nf6 25. fxe5 Qxe5 26. Bf4 Qxe4 27. Qxe4 Nxe4 28.
c7 Bxc7 29. Bxc7 1-0

[Event "Montcalm VII 2005-06"]
[Site "Quebec CAN"]
[Date "2006.05.10"]
[Round "3"]
[White "Lapierre, Gaetan"]
[Black "Perreault, Jacquelin"]
[Result "1-0"]
[WhiteElo "1800"]
[BlackElo "1842"]
[PlyCount "57"]
[EventDate "2006.04.27"]
[EventType "swiss"]
[EventRounds "5"]
[EventCountry "CAN"]

1. e4 c5 2. Nc3 d6 3. g3 Nc6 4. Bg2 g6 5. d3 Bg7 6. Nge2 e6 7. O-O Nge7 8. Be3
O-O 9. Qd2 Re8 10. d4 cxd4 11. Nxd4 Nxd4 12. Bxd4 Bxd4 13. Qxd4 Nc6 14. Qd2 Qb6
15. Nd1 e5 16. Qh6 Be6 17. Ne3 Rac8 18. b3 Nd4 19. c4 Qc5 20. Kh1 b5 21. f4
Nxb3 22. f5 d5 23. fxe6 fxe6 24. axb3 bxc4 25. exd5 cxb3 26. Ng4 Re7 27. Nf6+
Kh8 28. Ne4 Qd4 29. Rf8+ 1-0

[Event "Montcalm VII 2005-06"]
[Site "Quebec CAN"]
[Date "2006.05.10"]
[Round "3"]
[White "Marois, Remi"]
[Black "Cummins, Paul"]
[Result "1/2-1/2"]
[WhiteElo "1476"]
[BlackElo "1786"]
[PlyCount "101"]
[EventDate "2006.04.27"]
[EventType "swiss"]
[EventRounds "5"]
[EventCountry "CAN"]

1. e4 e5 2. Nf3 d6 3. d4 Bg4 4. d5 Nf6 5. Bd3 c6 6. c4 Na6 7. Bd2 Nc5 8. Qc2
Rc8 9. Nc3 g6 10. h3 Bxf3 11. gxf3 Bg7 12. Be3 cxd5 13. cxd5 O-O 14. Qd2 Nh5
15. Bf1 Qa5 16. Nb5 Qd8 17. Nxa7 Ra8 18. Bxc5 dxc5 19. Nb5 Nf4 20. Nc3 Qb6 21.
b3 Rfd8 22. Na4 Qd6 23. Qc2 Rdc8 24. Nc3 Qf6 25. O-O-O Qh4 26. Kb1 Nh5 27. Na4
Qd8 28. Nc3 Nf6 29. h4 h5 30. Bh3 Nd7 31. Bf1 Ra5 32. Bc4 Nb6 33. Nb5 Rca8 34.
Rd2 Bh6 35. Re2 Rxa2 36. Qxa2 Rxa2 37. Rxa2 Qf6 38. Be2 Qf4 39. Nd6 Bf8 40.
Nxb7 Nxd5 41. exd5 Qb4 42. Na5 e4 43. Ra4 Qd2 44. Ra2 Qxd5 45. Rd1 Qf5 46. fxe4
Qxe4+ 47. Bd3 Qxh4 48. Bc4 Bg7 49. Rd7 Qe4+ 50. Kc1 Qe1+ 51. Kc2 1/2-1/2

[Event "Montcalm VII 2005-06"]
[Site "Quebec CAN"]
[Date "2006.05.10"]
[Round "3"]
[White "Potvin, Alain-Nicolas"]
[Black "Audet-Bouchard, Nicolas"]
[Result "0-1"]
[WhiteElo "1818"]
[BlackElo "2192"]
[PlyCount "78"]
[EventDate "2006.04.27"]
[EventType "swiss"]
[EventRounds "5"]
[EventCountry "CAN"]

1. d4 Nf6 2. Nf3 b6 3. e3 Bb7 4. Bd3 e6 5. Nbd2 d5 6. Ne5 Bd6 7. f4 Ne4 8. Qf3
Nxd2 9. Bxd2 Qe7 10. O-O O-O 11. Qh5 g6 12. Qh6 Ba6 13. Be1 Bxd3 14. Nxd3 f6
15. Nf2 Nd7 16. e4 Qg7 17. Qh3 f5 18. e5 Be7 19. Qd3 c5 20. c3 Rfc8 21. a4 a6
22. a5 b5 23. b4 cxb4 24. cxb4 Qf8 25. Qb3 Rc4 26. Nd3 Rxd4 27. g4 Rc8 28. Bf2
Rdc4 29. Rab1 Rc3 30. Qd1 fxg4 31. Be1 R3c4 32. Qxg4 Qf5 33. Qg3 Rf8 34. Qe3
Qe4 35. Qa7 Qxd3 36. Qxd7 Qxb1 37. Qxe7 Qf5 38. Bh4 Rc2 39. Bg3 Qh3 0-1

[Event "Montcalm VII 2005-06"]
[Site "Quebec CAN"]
[Date "2006.05.17"]
[Round "4"]
[White "Audet-Bouchard, Nicolas"]
[Black "Cournoyer, Dominic"]
[Result "1-0"]
[WhiteElo "2192"]
[BlackElo "1762"]
[PlyCount "57"]
[EventDate "2006.04.27"]
[EventType "swiss"]
[EventRounds "5"]
[EventCountry "CAN"]

1. e4 d5 2. exd5 Qxd5 3. Nc3 Qe6+ 4. Be2 Qg6 5. Nf3 e6 6. O-O Nc6 7. d4 Bd7 8.
Bd3 Qh5 9. Ne4 O-O-O 10. Ng3 Qa5 11. c3 h6 12. b4 Qd5 13. b5 Na5 14. Qe2 g5 15.
c4 Qd6 16. Ne4 Qe7 17. Bd2 f5 18. Nc5 b6 19. Bxa5 bxc5 20. Ne5 Qe8 21. Bc3 Rh7
22. Qe3 cxd4 23. Bxd4 c6 24. Bxa7 cxb5 25. Qb6 Bd6 26. Qa6+ Kc7 27. Bb6+ Kb8
28. Qa7+ Kc8 29. Qa8+ 1-0

[Event "Montcalm VII 2005-06"]
[Site "Quebec CAN"]
[Date "2006.05.17"]
[Round "4"]
[White "Dion, Jean-Francois"]
[Black "Lapierre, Gaetan"]
[Result "1/2-1/2"]
[WhiteElo "1880"]
[BlackElo "1800"]
[PlyCount "154"]
[EventDate "2006.04.27"]
[EventType "swiss"]
[EventRounds "5"]
[EventCountry "CAN"]

1. f4 c5 2. Nf3 Nf6 3. e3 b6 4. b3 e6 5. Bb2 Be7 6. Be2 O-O 7. O-O Bb7 8. Qe1
Nd5 9. c4 Nb4 10. Qd1 Bf6 11. Bxf6 Qxf6 12. Nc3 d5 13. a3 N4a6 14. Ne5 d4 15.
Bf3 Qe7 16. exd4 cxd4 17. Nb5 Rd8 18. b4 f6 19. Bxb7 Qxb7 20. Nd3 Qe4 21. Rf3
Nc6 22. Rg3 Ne7 23. Qg4 Nf5 24. Rh3 Qc6 25. Nb2 g6 26. Re1 Rd7 27. Qe2 Re8 28.
g4 Ng7 29. Rd3 e5 30. Qe4 Nb8 31. a4 Qxe4 32. Rxe4 Nc6 33. fxe5 fxe5 34. Rb3
Ne6 35. h4 a5 36. Nd3 Nc7 37. Nxc7 Rxc7 38. b5 Nb8 39. Rxe5 Rxe5 40. Nxe5 Rc5
41. Nf3 Rxc4 42. Rd3 Rxa4 43. Nxd4 Nd7 44. Nc6 Rxg4+ 45. Kf2 Nc5 46. Rd8+ Kg7
47. d4 Ne6 48. Rd7+ Kh6 49. d5 Nc5 50. Rc7 Rf4+ 51. Ke3 Rxh4 52. Nxa5 Rb4 53.
Rxc5 bxc5 54. Nc6 Rxb5 55. d6 Rb7 56. Ne5 Kg7 57. d7 Rb8 58. Nc6 Rf8 59. d8=Q
Rxd8 60. Nxd8 Kf6 61. Nb7 h5 62. Nxc5 Kf5 63. Kf3 g5 64. Nd3 g4+ 65. Kg3 Kg5
66. Ne5 h4+ 67. Kg2 Kf4 68. Nxg4 Kxg4 69. Kh2 h3 70. Kh1 Kh4 71. Kh2 Kg4 72.
Kh1 Kg3 73. Kg1 Kf3 74. Kh2 Kg4 75. Kh1 Kg3 76. Kg1 h2+ 77. Kh1 Kh3 1/2-1/2

[Event "Montcalm VII 2005-06"]
[Site "Quebec CAN"]
[Date "2006.05.17"]
[Round "4"]
[White "Guay, Etienne"]
[Black "Dumont, Eric"]
[Result "1-0"]
[WhiteElo "1663"]
[BlackElo "1580"]
[PlyCount "95"]
[EventDate "2006.04.27"]
[EventType "swiss"]
[EventRounds "5"]
[EventCountry "CAN"]

1. e4 d5 2. exd5 Nf6 3. Bb5+ Bd7 4. Bc4 Bg4 5. Bb5+ c6 6. dxc6 Nxc6 7. Nf3 e5
8. d3 Bc5 9. h3 Bh5 10. Bxc6+ bxc6 11. Nc3 Qc7 12. Qe2 O-O 13. Ne4 Nxe4 14.
Qxe4 Rfe8 15. O-O Bd6 16. Bd2 Rab8 17. Bc3 Bg6 18. Qc4 e4 19. Nh4 exd3 20. Nxg6
hxg6 21. cxd3 Re2 22. Rae1 Rbe8 23. Qd4 f6 24. Rxe2 Rxe2 25. Qg4 Qe7 26. Qxg6
Bc5 27. d4 Bb6 28. Qf5 Qe8 29. d5 cxd5 30. Qxd5+ Kh8 31. Qf3 Qe7 32. h4 Kh7 33.
Qf5+ Kg8 34. h5 Qe4 35. Qxe4 Rxe4 36. h6 Ra4 37. hxg7 Kxg7 38. a3 Rf4 39. g3
Rf3 40. Kg2 Rd3 41. Re1 Rd6 42. Re4 Kg6 43. Rg4+ Kf5 44. Rf4+ Kg5 45. Kf3 f5
46. Ke2 Rd5 47. Bd2 Bd4 48. Rxd4+ 1-0

[Event "Montcalm VII 2005-06"]
[Site "Quebec CAN"]
[Date "2006.05.17"]
[Round "4"]
[White "Hebert, Marc"]
[Black "Perreault, Jacquelin"]
[Result "0-1"]
[WhiteElo "1678"]
[BlackElo "1842"]
[PlyCount "70"]
[EventDate "2006.04.27"]
[EventType "swiss"]
[EventRounds "5"]
[EventCountry "CAN"]

1. d4 Nf6 2. Nf3 e6 3. e3 b6 4. Bd3 Bb7 5. Nbd2 d5 6. O-O c5 7. c3 Bd6 8. Qe2
O-O 9. Ne5 Nfd7 10. f4 f5 11. Ndf3 Nf6 12. Ng5 Qe7 13. Bd2 Nbd7 14. g4 Bxe5 15.
gxf5 Ne4 16. dxe5 Nxg5 17. fxg5 Qxg5+ 18. Qg2 Qxg2+ 19. Kxg2 Nxe5 20. Bc2 Nc4
21. Rf2 Nxe3+ 22. Bxe3 d4+ 23. Kg3 dxe3 24. Re2 exf5 25. Kf4 Rae8 26. Rxe3 Rxe3
27. Kxe3 f4+ 28. Kf2 Rd8 29. Re1 Rd2+ 30. Re2 Rxe2+ 31. Kxe2 g5 32. Bf5 Kg7 33.
Kd3 h5 34. b4 cxb4 35. cxb4 Kf6 0-1

[Event "Montcalm VII 2005-06"]
[Site "Quebec CAN"]
[Date "2006.05.25"]
[Round "5"]
[White "Lapierre, Gaetan"]
[Black "Audet-Bouchard, Nicolas"]
[Result "1-0"]
[WhiteElo "1800"]
[BlackElo "2192"]
[PlyCount "143"]
[EventDate "2006.04.27"]
[EventType "swiss"]
[EventRounds "5"]
[EventCountry "CAN"]

1. e4 c5 2. Nc3 Nc6 3. g3 g6 4. Bg2 Bg7 5. d3 e6 6. Nge2 Nge7 7. O-O O-O 8. Be3
Nd4 9. Nc1 d6 10. Qd2 Rb8 11. Nd1 b6 12. c3 Ndc6 13. d4 Ba6 14. Re1 cxd4 15.
cxd4 Rc8 16. f4 d5 17. e5 Na5 18. b3 Qc7 19. Bf1 Bxf1 20. Kxf1 Qc2 21. Re2 Qxd2
22. Rxd2 h5 23. Ne2 Nf5 24. Bf2 a6 25. h3 Rc7 26. g4 hxg4 27. hxg4 Nh6 28. Ne3
Rfc8 29. Kg2 Bf8 30. Rh1 Nc6 31. Bh4 f5 32. exf6 Nb4 33. Kf3 Nc2 34. Bg5 Nf7
35. Ng2 Nd6 36. Bh6 Ne4 37. Rdd1 Nxf6 38. Bxf8 Kxf8 39. Rh6 Kg7 40. g5 Ng8 41.
Rh2 Ne7 42. f5 exf5 43. Rdh1 Rg8 44. Ngf4 Rc6 45. Rh7+ Kf8 46. R1h6 Rg7 47.
Rh8+ Ng8 48. Rh1 Re7 49. Nxd5 Rg7 50. Nf6 Kf7 51. d5 Rd6 52. Rc1 Nxf6 53. gxf6
Kxf6 54. Rxc2 Ke5 55. Nf4 b5 56. Re2+ Kf6 57. Rf8+ Rf7 58. Rxf7+ Kxf7 59. Re6
Rxe6 60. Nxe6 Ke7 61. Ke3 Kd6 62. Kd4 a5 63. a3 a4 64. b4 Ke7 65. Ke5 Kd7 66.
Ng5 Ke7 67. d6+ Kd7 68. Kd5 f4 69. Nf3 Kd8 70. Ke6 Ke8 71. d7+ Kd8 72. Kd6 1-0

[Event "Montcalm VII 2005-06"]
[Site "Quebec CAN"]
[Date "2006.05.25"]
[Round "5"]
[White "Oliver, Vance"]
[Black "Guay, Etienne"]
[Result "0-1"]
[WhiteElo "1392"]
[BlackElo "1663"]
[PlyCount "64"]
[EventDate "2006.04.27"]
[EventType "swiss"]
[EventRounds "5"]
[EventCountry "CAN"]

1. Nf3 d5 2. g3 Nf6 3. Bg2 Nbd7 4. d3 e5 5. O-O c6 6. Nc3 Bc5 7. e4 O-O 8. exd5
cxd5 9. Nxe5 Bxf2+ 10. Rxf2 Nxe5 11. Bg5 Neg4 12. Rf1 h6 13. Bd2 Qb6+ 14. Kh1
Nf2+ 15. Rxf2 Qxf2 16. Qe1 Qxe1+ 17. Rxe1 Be6 18. Nb5 Rac8 19. Bc3 a6 20. Nd4
Rfe8 21. Nf3 Nh7 22. Ne5 Nf8 23. Rf1 f6 24. Nf3 Bf7 25. Nh4 Re2 26. Nf5 Rd8 27.
Bb4 Rxc2 28. Nd6 Rd7 29. Bh3 Re7 30. Nxf7 Ree2 31. Kg1 Kxf7 32. Bc3 Rxh2 0-1

[Event "Montcalm VII 2005-06"]
[Site "Quebec CAN"]
[Date "2006.05.25"]
[Round "5"]
[White "Perreault, Jacquelin"]
[Black "Cournoyer, Dominic"]
[Result "1/2-1/2"]
[WhiteElo "1842"]
[BlackElo "1762"]
[PlyCount "96"]
[EventDate "2006.04.27"]
[EventType "swiss"]
[EventRounds "5"]
[EventCountry "CAN"]

1. e4 d5 2. exd5 Qxd5 3. Nf3 Nf6 4. c4 Qd8 5. d4 g6 6. Nc3 Bg7 7. Be2 O-O 8.
O-O Bf5 9. Bf4 c6 10. Qd2 Ne4 11. Nxe4 Bxe4 12. Rad1 Bf5 13. Bh6 Qc8 14. Bxg7
Kxg7 15. Qc3 Qe6 16. d5+ Qf6 17. Qxf6+ Kxf6 18. d6 exd6 19. Rxd6+ Ke7 20. c5
Nd7 21. Nd4 Nxc5 22. Nxf5+ gxf5 23. Rh6 Rad8 24. Re1 Rd2 25. b4 Ne6 26. Bc4 Rd6
27. Rxh7 Rfd8 28. Rh6 Rd1 29. Kf1 R8d6 30. Rxd1 Rxd1+ 31. Ke2 Rd6 32. Bxe6
Rxe6+ 33. Rxe6+ fxe6 34. f4 Kf6 35. Kd3 e5 36. fxe5+ Kxe5 37. g3 b6 38. h4 f4
39. g4 c5 40. bxc5 bxc5 41. h5 c4+ 42. Kxc4 Ke4 43. h6 f3 44. h7 f2 45. h8=Q
f1=Q+ 46. Kb4 Qb1+ 47. Ka3 Qd3+ 48. Kb4 Qd6+ 1/2-1/2

[Event "Montcalm op"]
[Site "Quebec CAN"]
[Date "2006.01.06"]
[Round "1"]
[White "Beaudoin, Stephane"]
[Black "Cummins, Paul"]
[Result "0-1"]
[WhiteElo "1970"]
[BlackElo "1811"]
[PlyCount "70"]
[EventDate "2006.01.06"]
[EventType "swiss"]
[EventRounds "5"]
[EventCountry "CAN"]

1. e4 c5 2. Nf3 d6 3. d4 cxd4 4. Nxd4 Nf6 5. Nc3 g6 6. g3 Bg7 7. Bg2 O-O 8. O-O
Nc6 9. Nxc6 bxc6 10. e5 Ng4 11. exd6 exd6 12. Bxc6 Rb8 13. Bg2 Ne5 14. Rb1 Nc4
15. Ne4 Ba6 16. b3 Qa5 17. a4 d5 18. Ng5 d4 19. Re1 Nb6 20. Bd2 Qf5 21. Ne4
Rfe8 22. Bf4 Rbd8 23. Bc7 Rc8 24. Bxb6 axb6 25. Nd6 Rxe1+ 26. Qxe1 Qxc2 27.
Nxc8 Qxc8 28. Bd5 Qd8 29. Qe4 Bc8 30. Re1 Kf8 31. Qf3 Qf6 32. Qe2 Bd7 33. Qa6
Bh6 34. Qb7 Bh3 35. Re7 Qxe7 0-1

[Event "Montcalm op"]
[Site "Quebec CAN"]
[Date "2006.01.06"]
[Round "1"]
[White "Caire, Francois"]
[Black "Coulon, Dominic"]
[Result "1-0"]
[WhiteElo "2212"]
[BlackElo "1893"]
[PlyCount "61"]
[EventDate "2006.01.06"]
[EventType "swiss"]
[EventRounds "5"]
[EventCountry "CAN"]

1. c4 Nf6 2. Nc3 g6 3. e4 d6 4. d4 Bg7 5. Bg5 c6 6. Qd2 Na6 7. f3 Nc7 8. Nge2
b5 9. cxb5 cxb5 10. d5 b4 11. Nd1 a5 12. Nd4 Ba6 13. Bxa6 Nxa6 14. O-O O-O 15.
Nf2 Nc5 16. Be3 Nfd7 17. Nc6 Qe8 18. Bd4 e5 19. Bxc5 Nxc5 20. Nd3 Nxd3 21. Qxd3
f5 22. a3 fxe4 23. fxe4 Rxf1+ 24. Qxf1 b3 25. a4 Bh6 26. Qf6 Bf8 27. Rf1 Rc8
28. Rf3 Rc7 29. h3 Rb7 30. Kh2 Be7 31. Qe6+ 1-0

[Event "Montcalm op"]
[Site "Quebec CAN"]
[Date "2006.01.06"]
[Round "1"]
[White "Caron, Sebastien"]
[Black "Auger, Bertrand"]
[Result "1/2-1/2"]
[WhiteElo "1811"]
[BlackElo "2021"]
[PlyCount "64"]
[EventDate "2006.01.06"]
[EventType "swiss"]
[EventRounds "5"]
[EventCountry "CAN"]

1. e4 e6 2. d4 d5 3. Nd2 Nf6 4. e5 Nfd7 5. f4 c5 6. c3 cxd4 7. cxd4 Nc6 8. Ndf3
Qb6 9. Ne2 Bb4+ 10. Nc3 O-O 11. Bd3 f6 12. a3 Be7 13. Bc2 Rf7 14. Qd3 Nf8 15.
O-O fxe5 16. fxe5 Bd7 17. Be3 Qd8 18. Rf2 Na5 19. Raf1 Nc4 20. Bc1 Be8 21. Nd2
Rxf2 22. Rxf2 Bg6 23. Qf3 Bxc2 24. Nxc4 dxc4 25. Rxc2 Qxd4+ 26. Be3 Qxe5 27.
Rf2 Ng6 28. Qxb7 Rf8 29. Rxf8+ Bxf8 30. Qxa7 Bxa3 31. bxa3 Qxc3 32. h3 Qa1+
1/2-1/2

[Event "Montcalm op"]
[Site "Quebec CAN"]
[Date "2006.01.06"]
[Round "1"]
[White "Sauve, Richard"]
[Black "Berube, Antoine"]
[Result "0-1"]
[WhiteElo "1849"]
[BlackElo "2052"]
[PlyCount "110"]
[EventDate "2006.01.06"]
[EventType "swiss"]
[EventRounds "5"]
[EventCountry "CAN"]

1. d4 d5 2. c4 c6 3. e3 Nf6 4. Nc3 e6 5. Nf3 Nbd7 6. Qc2 Bd6 7. b3 O-O 8. Bb2
Qe7 9. Be2 dxc4 10. bxc4 e5 11. O-O Re8 12. Rfd1 e4 13. Nd2 Nf8 14. d5 Bf5 15.
Nb3 cxd5 16. cxd5 Ng4 17. h3 Nxe3 18. fxe3 Qg5 19. Bg4 Bxg4 20. hxg4 Bg3 21.
Nxe4 Qxe3+ 22. Nf2 Qh6 23. Nh3 Ng6 24. Rd3 Qh4 25. Rf1 Qxg4 26. Rxg3 Qxg3 27.
Qc3 Qxc3 28. Bxc3 Rac8 29. Ba5 b6 30. d6 Red8 31. Bb4 Rc4 32. a3 a5 33. Bxa5
bxa5 34. Nxa5 Rg4 35. Nb7 Rd7 36. Rd1 Rxb7 37. d7 Rxd7 38. Rxd7 h6 39. Rb7 Ra4
40. Rb8+ Kh7 41. Rb3 Ne5 42. Nf2 f6 43. Nd1 Nc6 44. Nc3 Rc4 45. a4 Nd4 46. Ra3
Rxc3 47. Rxc3 Ne2+ 48. Kf2 Nxc3 49. a5 Kg6 50. Ke3 Nb5 51. Kd3 Kf7 52. Kc4 Nc7
53. Kc5 Ke7 54. Kc6 h5 55. Kc5 Kd7 0-1

[Event "Montcalm op"]
[Site "Quebec CAN"]
[Date "2006.01.06"]
[Round "1"]
[White "Sicotte, Marc"]
[Black "Dorion, Francois"]
[Result "0-1"]
[WhiteElo "2022"]
[BlackElo "1814"]
[PlyCount "52"]
[EventDate "2006.01.06"]
[EventType "swiss"]
[EventRounds "5"]
[EventCountry "CAN"]

1. e4 e5 2. f4 d5 3. exd5 exf4 4. Bb5+ c6 5. dxc6 bxc6 6. Qe2+ Be7 7. Ba4 Nf6
8. Nf3 O-O 9. O-O Ba6 10. c4 Bc5+ 11. d4 Bxd4+ 12. Kh1 Re8 13. Qc2 Be3 14. Nbd2
Qb6 15. b3 Nbd7 16. Bb2 Rab8 17. Bc3 Qc5 18. b4 Qh5 19. Bxc6 Bb7 20. Bxb7 Rxb7
21. c5 Rc7 22. Nc4 Ne4 23. Nxe3 fxe3 24. Be1 Ndf6 25. Ng1 Ng4 26. Nh3 Qe5 0-1

[Event "Montcalm op"]
[Site "Quebec CAN"]
[Date "2006.01.07"]
[Round "2"]
[White "Audet-Bouchard, Nicolas"]
[Black "Caron, Sebastien"]
[Result "1-0"]
[WhiteElo "2202"]
[BlackElo "1811"]
[PlyCount "63"]
[EventDate "2006.01.06"]
[EventType "swiss"]
[EventRounds "5"]
[EventCountry "CAN"]

1. e4 c5 2. Nf3 d6 3. d4 cxd4 4. Nxd4 Nf6 5. Nc3 a6 6. Be3 e6 7. f4 Qc7 8. Bd3
Nbd7 9. g4 Nc5 10. g5 Nfd7 11. Qf3 g6 12. O-O-O b5 13. Kb1 Bg7 14. Bxb5 axb5
15. Ndxb5 Qa5 16. Nxd6+ Kf8 17. e5 Rb8 18. Bc1 Nb6 19. b3 Bb7 20. Nxb7 Nxb7 21.
Qc6 Kg8 22. Qc7 Rc8 23. Qxb7 Rxc3 24. Rd8+ Bf8 25. Qe7 Nd7 26. Qxd7 Qc7 27.
Qxc7 Rxc7 28. Ba3 Kg7 29. Rxf8 Rxf8 30. Bxf8+ Kxf8 31. Rd1 Rc3 32. Rd3 1-0

[Event "Montcalm op"]
[Site "Quebec CAN"]
[Date "2006.01.07"]
[Round "2"]
[White "Auger, Bertrand"]
[Black "Papineau (Granby), Daniel"]
[Result "1/2-1/2"]
[WhiteElo "2021"]
[BlackElo "1988"]
[PlyCount "95"]
[EventDate "2006.01.06"]
[EventType "swiss"]
[EventRounds "5"]
[EventCountry "CAN"]

1. Nf3 Nf6 2. g3 d6 3. d4 g6 4. Bg2 Bg7 5. O-O O-O 6. c4 Nbd7 7. Nc3 e5 8. dxe5
dxe5 9. b3 c6 10. Bb2 Qe7 11. Nd2 Rd8 12. Qc2 Nf8 13. Rad1 Bf5 14. Qc1 Bh6 15.
Ba3 Qe6 16. e3 Bh3 17. Nde4 Bxg2 18. Nxf6+ Qxf6 19. Kxg2 Ne6 20. Ne4 Qf5 21.
Nd6 Qh5 22. f4 exf4 23. exf4 Bf8 24. Qe3 c5 25. Rd5 Qh6 26. Ne4 b6 27. Nf6+ Kh8
28. Rfd1 Nd4 29. Bb2 Rxd5 30. Nxd5 Bg7 31. Nc7 Rc8 32. Ne8 g5 33. Nxg7 gxf4 34.
Qxf4 Qc6+ 35. Kf2 Kxg7 36. Bxd4+ cxd4 37. Qxd4+ Kg8 38. Qg4+ Kf8 39. Rd5 Re8
40. Qd4 Rc8 41. Rd7 Kg8 42. Rxa7 Re8 43. Rd7 Qe6 44. Qd2 Qf5+ 45. Kg2 Qe4+ 46.
Kh3 Qf5+ 47. Kg2 Qe4+ 48. Kh3 1/2-1/2

[Event "Montcalm op"]
[Site "Quebec CAN"]
[Date "2006.01.07"]
[Round "2"]
[White "Berube, Antoine"]
[Black "Gauthier, Denis"]
[Result "1-0"]
[WhiteElo "2052"]
[BlackElo "1887"]
[PlyCount "83"]
[EventDate "2006.01.06"]
[EventType "swiss"]
[EventRounds "5"]
[EventCountry "CAN"]

1. d4 Nf6 2. c4 e6 3. Nc3 Bb4 4. Nf3 b6 5. Bg5 Bb7 6. e3 h6 7. Bh4 g5 8. Bg3
Ne4 9. Nd2 Bxc3 10. bxc3 d6 11. Nxe4 Bxe4 12. f3 Bb7 13. h4 Nd7 14. a4 a5 15.
Qc2 Qf6 16. e4 O-O-O 17. Bd3 e5 18. Bf2 Rdg8 19. Qe2 c5 20. O-O-O exd4 21. cxd4
gxh4 22. Bxh4 Qxd4 23. Kc2 Bc6 24. Kb3 Qe5 25. Be1 Qg5 26. g4 Re8 27. Bb1 d5
28. Rh5 dxc4+ 29. Ka3 Qf6 30. Qxc4 Qxf3+ 31. Rd3 Qxe4 32. Qa6+ Bb7 33. Qb5 Qc6
34. Qb2 Kb8 35. Bg3+ Ka7 36. Qc3 c4 37. Rd6 Qc8 38. Rxa5+ bxa5 39. Qxa5+ Ba6
40. Bf2+ Kb8 41. Rxa6 Qb7 42. Bg3+ 1-0